<?xml version="1.0" encoding="UTF-8"?>
<record
    xmlns:xsi="http://www.w3.org/2001/XMLSchema-instance"
    xsi:schemaLocation="http://www.loc.gov/MARC21/slim http://www.loc.gov/standards/marcxml/schema/MARC21slim.xsd"
    xmlns="http://www.loc.gov/MARC21/slim">

  <leader>00290nam a22001097a 4500</leader>
  <datafield tag="999" ind1=" " ind2=" ">
    <subfield code="c">23152</subfield>
    <subfield code="d">23152</subfield>
  </datafield>
  <controlfield tag="005">20220308133907.0</controlfield>
  <controlfield tag="008">220308b           ||||| |||| 00| 0 eng d</controlfield>
  <datafield tag="020" ind1=" " ind2=" ">
    <subfield code="a">9788099924056</subfield>
  </datafield>
  <datafield tag="040" ind1=" " ind2=" ">
    <subfield code="c">rda</subfield>
  </datafield>
  <datafield tag="245" ind1=" " ind2=" ">
    <subfield code="a">Mali by sme sa v&#x161;etci stravova&#x165; veg&#xE1;nsky? </subfield>
  </datafield>
  <datafield tag="260" ind1=" " ind2=" ">
    <subfield code="a">Bratislava</subfield>
    <subfield code="b">Egre&#x161;</subfield>
    <subfield code="c">2021</subfield>
  </datafield>
  <datafield tag="952" ind1=" " ind2=" ">
    <subfield code="0">0</subfield>
    <subfield code="1">0</subfield>
    <subfield code="2">udc</subfield>
    <subfield code="4">0</subfield>
    <subfield code="7">0</subfield>
    <subfield code="8">D</subfield>
    <subfield code="a">10000</subfield>
    <subfield code="b">10000</subfield>
    <subfield code="d">2022-03-08</subfield>
    <subfield code="g">0.00</subfield>
    <subfield code="i">21499</subfield>
    <subfield code="l">1</subfield>
    <subfield code="o">S1505</subfield>
    <subfield code="p">S1505</subfield>
    <subfield code="r">2022-07-06</subfield>
    <subfield code="s">2022-03-25</subfield>
    <subfield code="w">2022-03-08</subfield>
    <subfield code="y">OLDO</subfield>
  </datafield>
</record>
